Cyber Law and Its Applications (Record no. 99665)

MARC details
000 -LEADER
fixed length control field 00274nam a2200109Ia 4500
008 - FIXED-LENGTH DATA ELEMENTS--GENERAL INFORMATION
fixed length control field 230306s9999 xx 000 0 und d
041 ## - LANGUAGE CODE
Language code of text/sound track or separate title eng
100 ## - MAIN ENTRY--PERSONAL NAME
Personal name Shilpa Dongre
9 (RLIN) 120538
245 ## - TITLE STATEMENT
Title Cyber Law and Its Applications
260 ## - PUBLICATION, DISTRIBUTION, ETC. (IMPRINT)
Name of publisher, distributor, etc. Current Pub Mumbai
Date of publication, distribution, etc. 2015
300 ## - PHYSICAL DESCRIPTION
Extent 454
Holdings
Withdrawn status Lost status Damaged status Not for loan Home library Current library Date acquired Cost, normal purchase price Total Checkouts Barcode Date last seen Bill Date Koha item type Original Barcode
        BCA College Ratnagiri BCA College Ratnagiri 16/12/2015 600.00   BCAR-BK-2275 06/03/2023 06/03/2023 Books 2275